| 000 | 01160nam0a22002771 4500 | ||
|---|---|---|---|
| 001 | rc\3633563 | ||
| 005 | 20260407144634.0 | ||
| 021 |
_aRU _bРг4953-71 |
||
| 035 | _a(NLR Aleph) 007724662 | ||
| 090 |
_a6989565 _c6989565 |
||
| 100 | _a20130115d1970 |||y0rusy50 ca | ||
| 101 | 0 | _arus | |
| 102 | _aRU | ||
| 105 | _ay z ||||| | ||
| 200 | 1 |
_aМетодика проверки соблюдения стандартов и технических условий на режущий инструмент _eПроект _fКом. стандартов, мер и измерит. приборов при Совете Министров СССР. Всесоюз. науч.-исслед. ин-т стандартизации. ВНИИС |
|
| 205 | _a1 ред. | ||
| 210 |
_aМосква _cБ. и. _d1970 |
||
| 215 |
_a22 с. _d20 |
||
| 300 | _aНа обороте тит. л.: исполнитель В. Смирнов | ||
| 702 | 1 |
_aСмирнов _bВ. _4570 |
|
| 712 | 0 | 2 |
_aВНИИ стандартизации _3RU\NLR\AUTH\8810020283 _9538563 |
| 801 | 0 |
_aRU _bNLR _gpsbo |
|
| 801 | 1 |
_aRU _bELAR _2rusmarc |
|
| 852 |
_aNLR _jПт 10.1/558 |
||
| 942 | _cBOOK | ||
| 980 | _aNB | ||